Εισαγωγή στη θεωρία της οικονομικής μεγενθύσεως

Αποθηκεύτηκε σε:
Λεπτομέρειες βιβλιογραφικής εγγραφής
Κύριος συγγραφέας: Τσεκούρας, Γιάννης Γρ
Μορφή: Βιβλίο
Γλώσσα:Greek
Δημοσίευση: Αθήνα : Gutenberg, 1980
Θέματα:
Ετικέτες: Προσθήκη ετικέτας
Δεν υπάρχουν, Καταχωρήστε ετικέτα πρώτοι!

MARC

LEADER 00000nam a2200000 i 4500
001 1/60470
008 960527s1980 gre d
035 |l 10028720 
040 |a GR-MY-UA  |b gre  |e aacr 
041 0 |a gre 
082 0 |a 339.5 
100 1 |a Τσεκούρας, Γιάννης Γρ. 
245 1 0 |a Εισαγωγή στη θεωρία της οικονομικής μεγενθύσεως /  |c Γιάννη Τσέκουρα 
260 |a Αθήνα :   |b Gutenberg,   |c 1980 
300 |a 2T, 358 σ. 
500 |a Περιέχει βιβλιογραφία 
650 0 0 |a Macroeconomics. 
852 |a INST  |b CHIOS  |e 19960527  |h 339.5 ΤΣΕ  |p 005200002241  |q 005200002241  |t BK  |y 0 
852 |a INST  |b CHIOS  |e 19960527  |h 339.5 ΤΣΕ  |p 005200002243  |q 005200002243  |t BK  |y 0 
909 |a Χ  |b 024301 
909 |a Χ  |b 024300